000 00480nam a2200181Ia 4500
008 151202s9999||||xx |||||||||||||| ||und||
082 _bPNVM-23420
100 _aGARDNER ERLE STANLEY.
245 4 _aThe case of the Mischievous Doll.
260 _b---
260 _c0
300 _a0
600 _aGARDNER ERLE STANLEY.
630 _aThe case of the Mischievous Doll.
700 _aGARDNER ERLE STANLEY.
730 _aThe case of the Mischievous Doll.
942 _cBOOK
999 _c1289395
_d1289392